Statystyki dla Kraje Świata

Kliknij tutaj aby rozwiązać quiz!

Ogólne statystyki

  • Ten quiz został rozwiązany 17 razy
  • Średni wynik to 106 z 194

Odpowiedzi na mapie

Odpowiedzi skodowane kolorowo w zielono-czerwonej skali na mapie do tego quizu, zgodnie z poniższymi procentami.
 

Statystyki odpowiedzi

Kraj% Poprawnych
Polska
100%
Litwa
93%
Niemcy
93%
Rosja
93%
Szwecja
93%
Ukraina
93%
Belgia
86%
Czechy
86%
Finlandia
86%
Francja
86%
Hiszpania
86%
Irlandia
86%
Łotwa
86%
Słowacja
86%
Słowenia
86%
Szwajcaria
86%
Wielka Brytania
86%
Austria
79%
Białoruś
79%
Bułgaria
79%
Chorwacja
79%
Dania
79%
Estonia
79%
Holandia
79%
Meksyk
79%
Portugalia
79%
Republika
Południowej Afryki
79%
Serbia
79%
Stany Zjednoczone
79%
Urugwaj
79%
Włochy
79%
Albania
71%
Australia
71%
Bośnia i Hercegowina
71%
Brazylia
71%
Chiny
71%
Grecja
71%
Islandia
71%
Japonia
71%
Liechtenstein
71%
Luksemburg
71%
Monako
71%
Nowa Zelandia
71%
Afganistan
64%
Andora
64%
Argentyna
64%
Egipt
64%
Etiopia
64%
Ghana
64%
Kolumbia
64%
Korea Południowa
64%
Malta
64%
Maroko
64%
Mołdawia
64%
Niger
64%
Norwegia
64%
Peru
64%
Rumunia
64%
San Marino
64%
Turcja
64%
Uzbekistan
64%
Watykan
64%
Wenezuela
64%
Zjednoczone Emiraty
Arabskie
64%
Chile
57%
Cypr
57%
Czad
57%
Czarnogóra
57%
Irak
57%
Iran
57%
Kanada
57%
Kazachstan
57%
Kenia
57%
Korea Północna
57%
Macedonia Północna
57%
Malediwy
57%
Senegal
57%
Węgry
57%
Wietnam
57%
Algieria
50%
Arabia Saudyjska
50%
Demokratyczna
Republika Konga
50%
Dominika
50%
Dominikana
50%
Ekwador
50%
Erytrea
50%
Eswatini
50%
Fidżi
50%
Filipiny
50%
Haiti
50%
Indie
50%
Indonezja
50%
Izrael
50%
Jamajka
50%
Kamerun
50%
Kongo
50%
Kostaryka
50%
Lesotho
50%
Madagaskar
50%
Mongolia
50%
Nigeria
50%
Oman
50%
Pakistan
50%
Papua-Nowa Gwinea
50%
Paragwaj
50%
Republika
Środkowoafrykańska
50%
Rwanda
50%
Samoa
50%
Sudan
50%
Sudan Południowy
50%
Tunezja
50%
Wyspy Świętego
Tomasza i Książeca
50%
Zambia
50%
Zimbabwe
50%
Angola
43%
Armenia
43%
Azerbejdżan
43%
Bahamy
43%
Barbados
43%
Belize
43%
Benin
43%
Boliwia
43%
Botswana
43%
Burkina Faso
43%
Gabon
43%
Gambia
43%
Grenada
43%
Gruzja
43%
Gujana
43%
Gwinea
43%
Gwinea Równikowa
43%
Katar
43%
Komory
43%
Kuba
43%
Liban
43%
Liberia
43%
Libia
43%
Malezja
43%
Mali
43%
Mauretania
43%
Mauritius
43%
Mikronezja
43%
Mozambik
43%
Namibia
43%
Nauru
43%
Palau
43%
Panama
43%
Republika Zielonego
Przylądka
43%
Sierra Leone
43%
Somalia
43%
Surinam
43%
Tadżykistan
43%
Togo
43%
Tonga
43%
Turkmenistan
43%
Tuvalu
43%
Vanuatu
43%
Wybrzeże Kości
Słoniowej
43%
Wyspy Marshalla
43%
Wyspy Salomona
43%
Antigua i Barbuda
36%
Bahrajn
36%
Bangladesz
36%
Bhutan
36%
Brunei
36%
Burundi
36%
Dżibuti
36%
Gwatemala
36%
Gwinea Bissau
36%
Honduras
36%
Jemen
36%
Jordania
36%
Kambodża
36%
Kirgistan
36%
Kiribati
36%
Kuwejt
36%
Laos
36%
Malawi
36%
Mjanma
36%
Nepal
36%
Nikaragua
36%
Saint Kitts i Nevis
36%
Saint Lucia
36%
Saint Vincent i
Grenadyny
36%
Salwador
36%
Seszele
36%
Sri Lanka
36%
Syria
36%
Tajlandia
36%
Tanzania
36%
Timor Wschodni
36%
Trynidad i Tobago
36%
Uganda
36%
Singapur
29%

Rozkład punktacji

Percentyl według liczby udzielonych odpowiedzi

Procent ludzi z każdym wynikiem

Twoja historia wyników

Nie rozwiązałeś tego quizu